Histoire des femmes, histoire du genre. Pratiques d'historiennes table ronde (notice n° 1606006)

détails MARC
000 -LEADER
fixed length control field 01643cam a2200229 4500500
005 - DATE AND TIME OF LATEST TRANSACTION
control field 20251228095246.0
041 ## - LANGUAGE CODE
Language code of text/sound track or separate title fre
042 ## - AUTHENTICATION CODE
Authentication code dc
100 10 - MAIN ENTRY--PERSONAL NAME
Personal name Klapisch-Zuber, Christiane
Relator term author
245 00 - TITLE STATEMENT
Title Histoire des femmes, histoire du genre. Pratiques d'historiennes table ronde
260 ## - PUBLICATION, DISTRIBUTION, ETC.
Date of publication, distribution, etc. 2007.<br/>
500 ## - GENERAL NOTE
General note 69
520 ## - SUMMARY, ETC.
Summary, etc. RésuméToute relation de rêve est un échec. Désir, étonnement, peur, élan, ces impressions fortes ressenties par le dormeur défient le langage. Des variations sur les images oniriques n’évoquent-elles pas l’émoi, la tonalité du rêve mieux qu’un rapport appliqué et neutre ? C’est l’expérience qu’a tentée l’auteur en partant de ses propres sensations. Comptes rendus ? Réécriture ? Y a-t-il une ligne de partage entre les deux ?
520 ## - SUMMARY, ETC.
Summary, etc. Any account of a dream is a failure. Desire, surprise, fear, impulse, these strong sensations felt by the sleeper defy language. Don’t variations on oneiric images evoke the emotion, the tone of a dream better than a faithful and neutral account ? That is the experiment made by the author based on his own sensations. Accounts ? Rewriting ? Is there a dividing line between the two ?
700 10 - ADDED ENTRY--PERSONAL NAME
Personal name Downs, Laura Lee
Relator term author
700 10 - ADDED ENTRY--PERSONAL NAME
Personal name Villemur, Frédérique
Relator term author
700 10 - ADDED ENTRY--PERSONAL NAME
Personal name Sebillotte-Cuchet, Violaine
Relator term author
700 10 - ADDED ENTRY--PERSONAL NAME
Personal name Della Sudda, Magali
Relator term author
700 10 - ADDED ENTRY--PERSONAL NAME
Personal name Sofio, Séverine
Relator term author
786 0# - DATA SOURCE ENTRY
Note Sociétés & Représentations | 24 | 2 | 2007-11-01 | p. 11-28 | 1262-2966
856 41 - ELECTRONIC LOCATION AND ACCESS
Uniform Resource Identifier <a href="https://shs.cairn.info/revue-societes-et-representations-2007-2-page-11?lang=fr&redirect-ssocas=7080">https://shs.cairn.info/revue-societes-et-representations-2007-2-page-11?lang=fr&redirect-ssocas=7080</a>

Pas d'exemplaire disponible.

PLUDOC

PLUDOC est la plateforme unique et centralisée de gestion des bibliothèques physiques et numériques de Guinée administré par le CEDUST. Elle est la plus grande base de données de ressources documentaires pour les Étudiants, Enseignants chercheurs et Chercheurs de Guinée.

Adresse

627 919 101/664 919 101

25 boulevard du commerce
Kaloum, Conakry, Guinée

Réseaux sociaux

Powered by Netsen Group @ 2025